La práctica de la terapia de la conducta: teoría y métodos de aplicación para la práctica clínica

Saved in:
Bibliografiske detaljer
Main Authors: Bartolomé, Ricardo (Author), Carrobles, José Antonio (Author), Costa, Juan (Author), Del Ser, Teodoro (Author)
Format: Bog
Sprog:spansk
Udgivet: Madrid Pablo del Río 1979
Udgivelse:2a. ed
Serier:Aprendizaje
Fag:
Tags: Tilføj Tag
Ingen Tags, Vær først til at tagge denne postø!

MARC

LEADER 00000nam a2200000 a 4500
001 UCY6077
003 CL-VaPUC
008 950521e19790000SP |||||||||||||||||spa|d
082 0 4 |a 150.724  |b BAR  |2 21 
100 0 |a Bartolomé, Ricardo  |e author  |9 335679 
700 |a Carrobles, José Antonio  |e author  |9 463368 
700 0 |a Costa, Juan  |e author  |9 335681 
700 0 |a Del Ser, Teodoro  |e author  |9 335682 
245 1 3 |a La práctica de la terapia de la conducta: teoría y métodos de aplicación para la práctica clínica 
250 |a 2a. ed 
300 |a 207 p 
942 |c BK 
945 |d 19950521 00:00:00  |a mfernand 
260 |a Madrid  |b Pablo del Río  |c 1979 
650 7 |a PSICOTERAPIA  |2 CL-VaPUC  |9 335683 
650 7 |a CIENCIAS DEL COMPORTAMIENTO  |2 CL-VaPUC  |9 335684 
650 0 |a Comportamiento   |9 308406 
650 7 |a TRATAMIENTO DE LOS TRAUMATISMOS  |2 CL-VaPUC  |9 335685 
650 0 |a Psicología clínica  |9 307259 
583 |a last modification  |c 20190729 04:40:53  |k Rodrigo Vera 
490 0 |a Aprendizaje 
999 |c 233660  |d 233658 
952 |0 0  |1 0  |4 0  |6 150_724000000000000_BAR_1979  |7 0  |8 P  |9 239328  |a BIBEDU  |b BIBEDU  |c BIBEDU_PB  |d 2019-11-18  |i 1505831  |o 150.724 BAR 1979  |p 1505831  |r 2024-01-25  |w 2019-11-18  |y BK  |k EDU